Online
Catalog

Psicología : (Record no. 41398)

MARC details
000 -CABECERA
campo de control de longitud fija 00666nam a2200205 a 4500
001 - NÚMERO DE CONTROL
campo de control 000041909
005 - FECHA Y HORA DE LA ÚLTIMA TRANSACCIÓN
campo de control 20251120073733.0
008 - DATOS DE LONGITUD FIJA--INFORMACIÓN GENERAL
campo de control de longitud fija 131021s1985 dr a r 000 0 spa d
040 ## - FUENTE DE LA CATALOGACIÓN
Centro catalogador/agencia de origen DO-SdBNP
Lengua de catalogación spa
Centro/agencia transcriptor BNPHU
082 ## - NÚMERO DE LA CLASIFICACIÓN DECIMAL DEWEY
Número de clasificación xxxx
Número de documento/Ítem F316p
100 1# - ENTRADA PRINCIPAL--NOMBRE DE PERSONA
Nombre de persona Feliz Alcantara, Osmundo
9 (RLIN) 68800
245 10 - MENCIÓN DE TÍTULO
Título Psicología :
Resto del título su aplicación a la vida /
Mención de responsabilidad, etc. Osmundo Feliz Alcantara.
260 ## - PUBLICACIÓN, DISTRIBUCIÓN, ETC.
Lugar de publicación, distribución, etc. Santiago, República Dominicana :
Nombre del editor, distribuidor, etc. UCMM,
Fecha de publicación, distribución, etc. 1985.
300 ## - DESCRIPCIÓN FÍSICA
Extensión 454 p. :
Otras características físicas il. ;
Dimensiones 22 cm.
490 1# - MENCIÓN DE SERIE
Mención de serie Textos
504 ## - NOTA DE BIBLIOGRAFÍA, ETC.
Nota de bibliografía, etc. Bibliografía : p. 451-454
590 ## - NOTA LOCAL (RLIN)
Nota local Inventariado, 2019/BT
710 2# - PUNTO DE ACCESO ADICIONAL--NOMBRE DE ENTIDAD CORPORATIVA
Nombre de entidad corporativa o nombre de jurisdicción como elemento de entrada Pontificia Universidad Católica Madre y Maestra
9 (RLIN) 843
830 #0 - PUNTO DE ACCESO ADICIONAL DE SERIE-TÍTULO UNIFORME
Título uniforme Textos
9 (RLIN) 14460
Holdings
Estado de retiro Estado de pérdida No para préstamo Código de colección Localización permanente Ubicación/localización actual Ubicación en estantería Fecha de adquisición Número de inventario Total de préstamos Signatura topográfica completa Código de barras Fecha visto por última vez Precio válido a partir de Tipo de ítem Koha Número de copia
    Excluido de préstamo Patrimonio Dominicano Patrimonio Dominicano Patrimonio Dominicano Depósito 21.10.2013 LF1   xxxx F316p 41909-10 25.06.2020 25.06.2020 Libro y Folleto Colección Patrimonio Dominicano  
  Extraviado Excluido de préstamo Patrimonio Dominicano Patrimonio Dominicano Patrimonio Dominicano Extraviado 07.05.2018 LF1   xxxx F316p 41909-20 25.06.2020 25.06.2020 Libro y Folleto Colección Patrimonio Dominicano e. 2

Powered by Koha